000 00908cam a22002771 4500
001 11289
003 BD-RjUL
005 20211208235112.0
008 140126r19531948nyua b 001 0 eng
035 _a(BD-RjUL)11338
040 _aDLC/ICU
_cICU
_dBD-RjUL
_beng
041 _aeng
082 0 0 _a547
_bWII 1953
100 1 _aWilliams, Roger J.
_q(Roger John),
_d1893-1988.
_934928
245 1 3 _aAn introduction to organic chemistry /
_cby Roger J. Williams and Lewis F. Hatch.
250 _a5th ed.
260 _aNew York :
_bD. Van Nostrand Co.,
_cc1948 [Reprinted 1953].
300 _axii, 668 p. :
_billus. ;
_c23 cm.
500 _aIncludes index.
504 _a"Consultation of the chemical literature": p. 633-635.
650 0 _aChemistry, Organic.
_934929
700 1 _aHatch, Lewis Frederic,
_d1912-
_ejoint author.
_934930
942 _2ddc
_cBK
999 _c11289
_d11289